000 00997pam a2200289 a 4500
001 3470952
003 SISC
005 20160308155126.0
008 931122s1995 nyua b 001 0 eng
010 _a 93042826
020 _a0673469379
040 _aDLC
_cDLC
_dDLC
050 0 0 _aPN 1009.A1
_b.L84 1995
082 0 0 _aHS 809.89282
_bL96 1994
100 1 _aLukens, Rebecca J.
_d1922-
_913357
245 1 2 _aA critical handbook of childrenʼs literature /
_cRebecca J. Lukens.
250 _a5th ed.
260 _aNew York, NY :
_bHarperCollins,
_cc1995.
300 _a352 p. :
_bill. ;
_c24 cm.
500 _aIncludes bibliographical references and index.
650 0 _aChildrenʼs literature
_xHistory and criticism.
_913358
650 0 _aChildren
_xBooks and reading.
_913359
906 _a7
_bcbc
_corignew
_d1
_eocip
_f19
_gy-gencatlg
942 _2lcc
_cBK
999 _c9365
_d9365